| 000 | 00679nam a2200205 a 4500 | ||
|---|---|---|---|
| 005 | 20240123063543.0 | ||
| 008 | 030912s1985 mx r 000 0 spa d | ||
| 020 | _a9688374598 | ||
| 035 | _aUPN01000128836 | ||
| 049 | _aCG | ||
| 050 | 4 |
_aRC514 _bD5.4 |
|
| 100 | 1 | _aDíaz, José Luis | |
| 245 | 1 | 0 |
_aModelos de esquizofrenia y serotonina cerebral : _bestrategia de intersección y contraste como modelo animal de esquizofrenia : papel de la serotonina cerebral / _cJosé Luis Díaz. |
| 260 |
_aMéxico : _bUNAM, _c1985. |
||
| 300 | _a92 p. | ||
| 440 | 0 | _aBiblioteca de ciencias | |
| 650 | 2 |
_aEsquizofrenia _915458 |
|
| 650 | 4 |
_aPsicología clínica _913467 |
|
| 905 | _aLibro | ||
| 999 |
_c101009 _d101009 |
||